|
|
|
|
| LEADER |
00000nam0a2200000 4500 |
| 001 |
365453 |
| 005 |
20231102011803.0 |
| 035 |
|
|
|a (RuTPU)RU\TPU\retro\22816
|
| 090 |
|
|
|a 365453
|
| 100 |
|
|
|a 20211230d1981 km y0rusy50 ca
|
| 101 |
0 |
|
|a rus
|
| 102 |
|
|
|a RU
|
| 105 |
|
|
|a a z 001zy
|
| 200 |
1 |
|
|a Бурение геологоразведочных скважин алмазным инструментом малого диаметра (46 мм)
|f Союзгеотехника ; Всесоюзный научно-исследовательский институт методики и техники разведки
|
| 210 |
|
|
|a Ленинград
|c Недра
|d 1981
|
| 215 |
|
|
|a 100 с.
|c ил.
|
| 320 |
|
|
|a Библиогр.: с. 99-100
|
| 606 |
1 |
|
|a Геологоразведочные скважины
|x Бурение
|2 stltpush
|3 (RuTPU)RU\TPU\subj\67782
|9 83448
|
| 610 |
1 |
|
|a колонковое бурение
|
| 610 |
1 |
|
|a алмазные породоразрушающие инструменты
|
| 610 |
1 |
|
|a технология
|
| 610 |
1 |
|
|a керн
|
| 610 |
1 |
|
|a кондиционный выход
|
| 610 |
1 |
|
|a скважинные исследования
|
| 675 |
|
|
|a 550.822.7:622.24
|v 4
|
| 712 |
0 |
2 |
|a Союзгеотехника
|c Всесоюзное промышленное объединение
|c (Санкт-Петербург)
|2 stltpush
|3 (RuTPU)RU\TPU\col\21563
|9 28065
|
| 712 |
0 |
2 |
|a Всесоюзный научно-исследовательский институт методики и техники разведки
|2 stltpush
|3 (RuTPU)RU\TPU\col\6027
|9 24205
|
| 801 |
|
1 |
|a RU
|b 63413507
|c 20211230
|
| 942 |
|
|
|c BK
|